Pedro Pascal Movies - Statistics

General Stats
  • This quiz has been taken 60 times
  • The average score is 5 of 7
Answer Stats
Release Year Costars Movie % Correct
2020 Gal Gadot, Chris Pine Wonder Woman 1984
80%
2019 Ben Affleck, Oscar Isaac Triple Frontier
78%
2022 Nicolas Cage, Tiffany Haddish The Unbearable Weight of Massive Talent
71%
2018 Denzel Washington, Ashton Sanders The Equalizer 2
67%
2016 Matt Damon, Willem Dafoe The Great Wall
67%
2022 Karen Gillan, Leslie Mann The Bubble
64%
2020 YaYa Goselin, Christian Slater We Can Be Heroes
38%
No matching quizzes found
Score Distribution
Percent of People with Each Score
Percentile by Number Answered
Your Score History
You have not taken this quiz